Catálogo
 En Linea

Introducción a la semántica francesa / (Registro nro. 41000)

Detalles MARC
000 -CABECERA
campo de control de longitud fija 01112nam a2200253 a 4500
001 - NÚMERO DE CONTROL
campo de control 000041510
005 - FECHA Y HORA DE LA ÚLTIMA TRANSACCIÓN
campo de control 20201002034944.0
008 - DATOS DE LONGITUD FIJA--INFORMACIÓN GENERAL
campo de control de longitud fija 131009s1986 sp a 000 0 spa d
020 ## - NÚMERO INTERNACIONAL ESTÁNDAR DEL LIBRO
Número Internacional Estándar del Libro 8400039807
040 ## - FUENTE DE LA CATALOGACIÓN
Centro catalogador/agencia de origen DO-SdBNP
Lengua de catalogación spa
Centro/agencia transcriptor BNPHU
082 ## - NÚMERO DE LA CLASIFICACIÓN DECIMAL DEWEY
Número de clasificación xxx
Número de documento/Ítem U41i
100 1# - ENTRADA PRINCIPAL--NOMBRE DE PERSONA
Nombre de persona Ullmann, Stephen
9 (RLIN) 68219
240 10 - TÍTULO UNIFORME
Título uniforme Précis de sémantique francaise.
Lenguaje de la obra Español
245 10 - MENCIÓN DE TÍTULO
Título Introducción a la semántica francesa /
Mención de responsabilidad, etc. S. Ullmann ; traducción y anotación por Eugenio de Bustos Tovar.
260 ## - PUBLICACIÓN, DISTRIBUCIÓN, ETC.
Lugar de publicación, distribución, etc. Madrid :
Nombre del editor, distribuidor, etc. Consejo Superior de Investigaciones Científicas, Instituto de Filología Espanñola,
Fecha de publicación, distribución, etc. 1986.
300 ## - DESCRIPCIÓN FÍSICA
Extensión xvi, 487 p. :
Otras características físicas il. ;
Dimensiones 21 cm.
490 1# - MENCIÓN DE SERIE
Mención de serie Publicaciones de la revista de filología española
Designación de volumen o secuencia 15
500 ## - NOTA GENERAL
Nota general Incluye datos biográficos del autor en la solapa de la cubierta
500 ## - NOTA GENERAL
Nota general La biblioteca posee la segunda reimpresión
500 ## - NOTA GENERAL
Nota general Incluye referencias bibliográficas y notas al pie de las páginas.
504 ## - NOTA DE BIBLIOGRAFÍA, ETC.
Nota de bibliografía, etc. Bibliografía: p. 447-452
700 12 - PUNTO DE ACCESO ADICIONAL--NOMBRE DE PERSONA
Nombre de persona Bustos Tovar, Eugenio de
Término indicativo de función/relación pról.
9 (RLIN) 68220
830 #0 - PUNTO DE ACCESO ADICIONAL DE SERIE-TÍTULO UNIFORME
Título uniforme Publicaciones de la revista de filología española
Número de parte o sección de la obra 15
9 (RLIN) 68221
Existencias
Estado de retiro Estado de pérdida Restricciones de uso No para préstamo Código de colección Localización permanente Ubicación/localización actual Ubicación en estantería Fecha de adquisición Número de inventario Total de préstamos Signatura topográfica completa Código de barras Fecha visto por última vez Precio válido a partir de Tipo de ítem Koha
      Excluido de préstamo Monografías: Libros y Folletos General General En catalogación 09.10.2013 LF1   xxx U41i 41510-10 25.06.2020 25.06.2020 No se presta

Con tecnología Koha